Konštrukcia klzných uzlov v spaľovacích motoroch osobných vozidiel
Salvato in:
| Autore principale: | |
|---|---|
| Altri autori: | |
| Natura: | Manoscritto Libro |
| Lingua: | slovacco |
| Pubblicazione: |
2016
|
| Soggetti: | |
| Accesso online: | http://is.stuba.sk/zp/portal_zp.pl?podrobnosti=132923 |
| Tags: |
Nessun Tag, puoi essere il primo ad aggiungerne!!
|
MARC
| LEADER | 00000ntm a22000003a 4500 | ||
|---|---|---|---|
| 001 | stuzp58298 | ||
| 003 | SK-STU | ||
| 005 | 20160719155525.0 | ||
| 007 | ta | ||
| 008 | 150427s2015----xo-----f-mn---000-0-slo-d | ||
| 040 | |a STU |b slo | ||
| 041 | 0 | |a slo | |
| 100 | 1 | |a Molnár, Jakub |u 020030 |4 aut |U SjF Strojnícka fakulta |T SjF Ústav dopravnej techniky a konštruovania |X 9858 |U J0030 |Y 806 |7 9858 | |
| 242 | 0 | 1 | |a Construction of sliding points of combustion engines in personal vehicles |y eng |
| 245 | 1 | 0 | |a Konštrukcia klzných uzlov v spaľovacích motoroch osobných vozidiel |
| 260 | |c 2016 | ||
| 650 | 4 | |a klzná dvojica |2 slo | |
| 650 | 4 | |a trenie |2 slo | |
| 650 | 4 | |a klzný uzol |2 slo | |
| 650 | 4 | |a opotrebenie |2 slo | |
| 650 | 4 | |a ložisko |2 slo | |
| 650 | 4 | |a mazanie |2 slo | |
| 650 | 4 | |a sliding pair |2 eng | |
| 650 | 4 | |a lubrication |2 eng | |
| 650 | 4 | |a friction |2 eng | |
| 650 | 4 | |a sliding point |2 eng | |
| 650 | 4 | |a wear |2 eng | |
| 650 | 4 | |a bearing |2 eng | |
| 700 | 1 | |a Petrák, Peter |u 020030 |k Z1 |4 ths |U SjF Strojnícka fakulta |T SjF Ústav dopravnej techniky a konštruovania |X 2414 |U J0030 |Y 806 |7 A000002414 | |
| 856 | 4 | |u http://is.stuba.sk/zp/portal_zp.pl?podrobnosti=132923 | |
| 996 | |b 284J044915 |c J* 2545/BP |l JJSK |s A |a 24 |w stuzp58298_0001 | ||
| SQL | |a stuzp58298 |b DBP |c SLO |d Konštrukcia klzných uzlov v spaľovacích motoroch osobných vozidiel |e 9858 |f Molnár, Jakub |g 020030 |h 2414 |i Petrák, Peter |j 20160614 |k 1125 |l 02 |m http://is.stuba.sk/zp/portal_zp.pl?podrobnosti=132923 |n B-AMPS |o 5.2.3. dopravné stroje a zariadenia | ||